000 00246nam a22001217a 4500
008 171030b xxu||||| |||| 00| 0 eng d
041 _aeng
080 _a338.5
100 _a57
101 _aQMI
245 _aMONEY
_cKENNETH.J
942 _2udc
_cBK
999 _c36504
_d36504